| 000 | 00346 a2200133 4500 | ||
|---|---|---|---|
| 001 | 58024 | ||
| 082 | _a515 SMI | ||
| 090 |
_c35531 _d35531 |
||
| 100 |
_aRobert T. Smith _aRoland B.Minton |
||
| 245 |
_aCalculus Single Varible 3rd Ed _hEnglish |
||
| 250 | _a3 | ||
| 260 |
_aNew York _bMc Graw Hill Higher Education _c2008 |
||
| 300 | _axxxii+775+35p | ||
| 942 |
_aNUST-CAE _k515 SMI |
||
| 999 |
_c293097 _d293097 |
||